Choose idol that fits the prescription. - Statistics

General Stats
  • This quiz has been taken 26 times
  • The average score is 17 of 36
Answer Stats
Hint Answer % Correct
Leader of stray kids. Bangchan
86%
Ateez member whose name has 3 letters. San
79%
Kpop male idol with deep voice Felix
71%
Her name is a season. Winter
71%
Shortest member of stray kids Changbin
64%
Before being an idol she was a ballerina. Kazuha
64%
Popular member of p1harmony. Keeho
64%
Nct unit member that has a scandal and
is not in their new song
Lucas
64%
Idol that is in almost every nct unit. Mark
64%
4th gen it boy. Yeonjun
64%
Vietnamese member of Newjeans Hanni
57%
In "no lie" she had almost all the lines. Everglow. Mia
57%
Taiwanese member of cube entertainment group Shuhua
57%
Her sister is in Itzy Chaeyeon
50%
The most popular member of Loona Chuu
50%
4th gen. Had bullying scandal. Garam
50%
She left nmixx. Jinni
50%
Some blinks said she is copying Lisa, because
of her name and bangs.
Lily
50%
Former iz*one member. Is in starships new gg. Yujin
50%
She wants to change kpop industry. Yunjin
50%
Has sister in mnet group. Huening Kai
43%
Her real name is Jimin, but she uses stage name. Karina
43%
He danced dolphin with Arin. Soobin
43%
4th gen it girl Wonyoung
43%
Her real name is Aeri. Giselle
36%
She left her group fromis_9 Gyuri
36%
(G)i-dle member. Played in kdrama adult trainee Miyeon
36%
Her dad is in her mv. Somi
36%
She was called fat. From purple kiss. Swan
36%
Former iz*one member. Played in kdrama Mimicus Yuri
36%
Kpop idol from Argentina. Chanty
29%
4th gen best rapper. Soyeon
29%
When she was young she had cancer. Yeji
21%
Member of cherry bullet. Was on GP999 but didn't
make it.
Bora
14%
Youngest member of classy Seonyu
14%
After 2 member left, she was added to Pixy. Rinji
7%
No matching quizzes found
Score Distribution
Percent of People with Each Score
Percentile by Number Answered
Your Score History
You have not taken this quiz